Les 12 Nerfs (médecine) - Statistiques

Statistiques générales
  • Ce quiz a été pris 1 687 fois
  • Le résultat moyen est 10 sur 24
Statistiques - réponses
Numéro Nerf et Type % Correct
II Optique
82%
X Vague
77%
V Trijumeau
73%
I Olfactif
69%
VII Facial
68%
XII Hypoglosse
59%
III Oculomoteur
57%
VI Abducens
55%
XI Accessoire
52%
IX Glosso-pharyngien
52%
IV Trochléaire
48%
VIII Vestibulo-cochléaire
39%
Moteur
30%
Moteur
30%
Moteur
30%
Moteur
30%
Moteur
30%
Mixte
23%
Mixte
23%
Mixte
23%
Mixte
23%
Sensoriel
21%
Sensoriel
21%
Sensoriel
21%
Aucun quiz correspondant
Distribution des résultats
% des personnes avec chaque résultat
Percentile par nombre de réponses
Votre historique - résultats
Vous n’avez pas pris ce quiz